01205cam a22002531 4500001001300000003000400013005001700017008004100034010001700075035002000092040001900112050002100131051002200152100003100174245009200205260002900297300004400326490010100370500017400471500022400645504003500869740003000904999001700934agr40000153 DLC20260227110958.0850815s1940 caua b 000 0 eng  aagr40000153  a(OCoLC)12387931 aDLCcCSdSdDLC00aS21b.A855 no. 1 aSD425b.U47 no. 11 aRowe, Percy Burton,d1900-14aThe construction, operation, and use of the North Fork infiltrometer.cBy P.B. Rowe ... a[Oakland, Calif.,c1940] a2 p. l., 64 p.billus., diagrs.c23 cm.0 aUnited States. Forest and range experiment station, California. Miscellaneous publicationvno. 1 aAt head of title: Flood control coordinating committee. Miscellaneous publication no. 1. California forest and range experiment station. Miscellaneous publication no. 1. aIssued by U.S. Dept. of Agriculture, California forest and range experiment station, Berkeley, Calif., for the Flood control coordinating committee of the U.S. Dept. of Agriculture, Washington, D.C.--cf. Footnote, p. 1. a"Selected references ": p. 45.0 aNorth Fork infiltrometer. c10018d10018